<?xml version="1.0" encoding="UTF-8"?>
<collection xmlns="http://www.loc.gov/MARC21/slim">
 <record>
  <leader>03367nam a2200445 a 4500</leader>
  <controlfield tag="001">TVCDKTCT8006</controlfield>
  <controlfield tag="003">Thư viện trường Cao đẳng Kỹ thuật Cao Thắng</controlfield>
  <controlfield tag="005">20170601150941.2</controlfield>
  <controlfield tag="008">070731</controlfield>
  <datafield tag="980" ind1="\" ind2="\">
   <subfield code="a">Thư viện Trường CĐ Kỹ Thuật Cao Thắng</subfield>
  </datafield>
  <datafield tag="024" ind1=" " ind2=" ">
   <subfield code="a">RG_1 #1 eb0 i1 i5</subfield>
  </datafield>
  <datafield tag="041" ind1="0" ind2="#">
   <subfield code="a">vie</subfield>
  </datafield>
  <datafield tag="082" ind1="#" ind2="#">
   <subfield code="a">621.3 / </subfield>
   <subfield code="b">Đ305C-n</subfield>
  </datafield>
  <datafield tag="100" ind1="1" ind2="#">
   <subfield code="a">Nguyễn Chu Hùng</subfield>
  </datafield>
  <datafield tag="245" ind1="0" ind2="0">
   <subfield code="a">Điện công nghệ / </subfield>
   <subfield code="c">Nguyễn Chu Hùng</subfield>
  </datafield>
  <datafield tag="250" ind1="#" ind2="#">
   <subfield code="a">Tái bản lần thứ 2</subfield>
  </datafield>
  <datafield tag="260" ind1="#" ind2="#">
   <subfield code="a">Tp.HCM : </subfield>
   <subfield code="b">Đại học Quốc Gia Tp Hồ Chí Minh , </subfield>
   <subfield code="c">2005</subfield>
  </datafield>
  <datafield tag="300" ind1="#" ind2="#">
   <subfield code="a">252tr. ; </subfield>
   <subfield code="c">24cm</subfield>
  </datafield>
  <datafield tag="520" ind1="#" ind2="#">
   <subfield code="a">Chương 1: Cơ sở vật lý- Kỹ thuật của điện nhiệt.</subfield>
  </datafield>
  <datafield tag="520" ind1="#" ind2="#">
   <subfield code="a">Chương 10: Các thiết bị điện phân.</subfield>
  </datafield>
  <datafield tag="520" ind1="#" ind2="#">
   <subfield code="a">Chương 11: Gia công kim lọai bằng phương pháp ăn mòn điện.</subfield>
  </datafield>
  <datafield tag="520" ind1="#" ind2="#">
   <subfield code="a">Chương 12: Các quá trình và thiết bị điện cơ.</subfield>
  </datafield>
  <datafield tag="520" ind1="#" ind2="#">
   <subfield code="a">Chương 13: Các thiết bị siêu âm.</subfield>
  </datafield>
  <datafield tag="520" ind1="#" ind2="#">
   <subfield code="a">Chương 2: Các thiết bị đốt nóng bằng điện trở.</subfield>
  </datafield>
  <datafield tag="520" ind1="#" ind2="#">
   <subfield code="a">Chương 3: Các thiết bị hàn tiếp xúc.</subfield>
  </datafield>
  <datafield tag="520" ind1="#" ind2="#">
   <subfield code="a">Chương 4: Các thiết bị đốt nóng bằng cảm ứng và điện môi.</subfield>
  </datafield>
  <datafield tag="520" ind1="#" ind2="#">
   <subfield code="a">Chương 5: Thiết bị đốt nóng bằng hồ quang điện.</subfield>
  </datafield>
  <datafield tag="520" ind1="#" ind2="#">
   <subfield code="a">Chương 6: Công nghệ và thiết bị dùng ngọn lửa Plasma.</subfield>
  </datafield>
  <datafield tag="520" ind1="#" ind2="#">
   <subfield code="a">Chương 7: Các thiết bị hàn hồ quang.</subfield>
  </datafield>
  <datafield tag="520" ind1="#" ind2="#">
   <subfield code="a">Chương 8: Thiết bị đốt nóng nhờ chùm tia electron.</subfield>
  </datafield>
  <datafield tag="520" ind1="#" ind2="#">
   <subfield code="a">Chương 9: Thiết bị laser.</subfield>
  </datafield>
  <datafield tag="520" ind1="#" ind2="#">
   <subfield code="a">Điện Công Nghệ được biên sọan theo đề cương môn &quot; Điện Công Nghệ&quot; đã được Hội đồng khoa học Khoa Điện tử Trường Đại học Bách khoa- Đại học Quốc gia TpHCM.</subfield>
  </datafield>
  <datafield tag="520" ind1="#" ind2="#">
   <subfield code="a">Phần thứ hai: Các thiết bị gia công điện hóa- Điện vật lý điện cơ- Điện động.Phần thứ hai, đề cập đến các phương pháp công nghệ điện hóa, điện vật lý, điện cơ kể cả phương pháp ia công bằng siêu âm.</subfield>
  </datafield>
  <datafield tag="520" ind1="#" ind2="#">
   <subfield code="a">Phần thứ nhất: Các quá trình và thiết bị Điện nhiệt.Phần thứ nhất đề cập đến các phương pháp công nghệ điện nhiệt.Trong phần này trình bày theo một hệ thống và phong cách dễ hiểu nhất về các phươn pháp công nghệ ứng dụng trong sản xuất công nghiệp ít được phổ biến trong điều kiện sản xuất ở trong nước như các phương pháp cấp nhiệt bằng điện xỉ, bằng ngọn lửa plasma, bằng chùm tia electron, bằng tia laser.</subfield>
  </datafield>
  <datafield tag="520" ind1="#" ind2="#">
   <subfield code="a">Phụ lục</subfield>
  </datafield>
  <datafield tag="650" ind1="#" ind2="4">
   <subfield code="a">Điện</subfield>
  </datafield>
  <datafield tag="650" ind1="#" ind2="4">
   <subfield code="a">Điện - Kỹ thuật</subfield>
  </datafield>
  <datafield tag="721" ind1="#" ind2="#">
   <subfield code="a">CNKT Điện</subfield>
  </datafield>
  <datafield tag="841" ind1="#" ind2="#">
   <subfield code="b">Kho Sách </subfield>
   <subfield code="j">100021466, 100021471, 100021481, 100021491, 100021496, 100021501, 100025856, 100025861, 100025866, 100025867, 100025908</subfield>
  </datafield>
  <datafield tag="841" ind1="#" ind2="#">
   <subfield code="b">Kho Tra Cứu </subfield>
   <subfield code="j">500002794, 500002799, 500002804, 500002809</subfield>
  </datafield>
 </record>
</collection>
